|
|
|
|
| LEADER |
00000cam a2200000 7i4500 |
| 001 |
0000202607 |
| 005 |
20160309.0 |
| 020 |
|
|
|a 9780241196175
|
| 090 |
0 |
0 |
|a 788.36193
|b SIL
|
| 100 |
1 |
|
|a Silva, Lisete da
|
| 245 |
0 |
0 |
|a How to play the recorder :
|b step by step guide
|c Lisete da Silva
|
| 260 |
|
|
|a London :
|b Dorling Kindersley Limited ,
|c 2015
|
| 300 |
|
|
|a 64p. ;
|c 29cm.
|
| 650 |
|
0 |
|a Recorder (Musical instrument)
|x Methods
|v Juvenile.
|
| 999 |
|
|
|a 00318240
|b BUKU
|c JUNIOR BOOKS
|e PERPUSTAKAAN KOMUNITI PETALING JAYA
|
| 999 |
|
|
|a 00352221
|b BUKU
|c JUNIOR BOOKS
|e PERPUSTAKAAN KOMUNITI PETALING JAYA
|
| 999 |
|
|
|a 00352222
|b BUKU
|c JUNIOR BOOKS
|e PERPUSTAKAAN KOMUNITI CAW BANDAR UTAMA
|